[Event "IECC M email"]
[Site "IECC email"]
[Date "2000.06.27"]
[Round "?"]
[White "Huang, Peter"]
[Black "MacDonald, Jim"]
[Result "0-1"]
[WhiteElo "1317"]
[BlackElo "1441"]
[PlyCount "48"]
[EventDate "2000.??.??"]
[EventType "tourn (corr)"]
[EventRounds "2"]
[SourceTitle "Corr 2008"]
[Source "ChessBase"]
[SourceDate "2008.06.24"]
[SourceVersion "1"]
[SourceVersionDate "2008.06.24"]
[SourceQuality "1"]

1. e4 e6 2. d4 d5 3. e5 c5 4. c3 Nc6 5. Nf3 Qc7 6. Bb5 Bd7 7. 0-0 Nxe5 8. Bxd7+ Nxd7 9. Be3 Ngf6 10. Re1 Bd6 11. dxc5 Nxc5 12. b4 Nce4 13. Qa4+ Nd7 14. Qb3 0-0 15. g3 Rfc8 16. Rc1 Nb6 17. Nd4 Nc4 18. Nb5 Qd7 19. Nxd6 Qxd6 20. Re1 Qe5 21. Bd4 Qf5 22. Qd1 e5 23. g4 Qf4 24. Bc5 b6 0-1

[Event "IECC Swiss email"]
[Site "IECC email"]
[Date "2000.04.21"]
[Round "?"]
[White "Cornacchini, Gabriele"]
[Black "Huang, Peter"]
[Result "0-1"]
[WhiteElo "1523"]
[BlackElo "1331"]
[PlyCount "30"]
[EventDate "2000.??.??"]
[EventType "tourn (corr)"]
[EventRounds "6"]
[SourceTitle "Corr 2008"]
[Source "ChessBase"]
[SourceDate "2008.06.24"]
[SourceVersion "1"]
[SourceVersionDate "2008.06.24"]
[SourceQuality "1"]

1. b4 e5 2. Bb2 d6 3. e3 Nf6 4. Nf3 Be7 5. c4 0-0 6. b5 c5 7. Be2 a6 8. a4 axb5 9. axb5 Rxa1 10. Bxa1 Nbd7 11. 0-0 e4 12. Ne1 b6 13. Qc2 d5 14. cxd5 Nxd5 15. Qxe4 N7f6 0-1

[Event "IECC Y2KO email"]
[Site "IECC email"]
[Date "1999.10.14"]
[Round "?"]
[White "Hanegby, Avigdor"]
[Black "Huang, Peter"]
[Result "1-0"]
[WhiteElo "1927"]
[BlackElo "1330"]
[PlyCount "31"]
[EventDate "1999.??.??"]
[EventType "tourn (corr)"]
[EventRounds "2"]
[SourceTitle "Corr 2008"]
[Source "ChessBase"]
[SourceDate "2008.06.24"]
[SourceVersion "1"]
[SourceVersionDate "2008.06.24"]
[SourceQuality "1"]

1. f4 d5 2. b3 e6 3. Nf3 Nf6 4. e3 Bd6 5. Bb2 0-0 6. Be2 Nc6 7. 0-0 a6 8. Ne5 Bxe5 9. fxe5 Nd7 10. d4 Nb6 11. Ba3 Re8 12. Bh5 g6 13. Qf3 Qd7 14. Bg4 h5 15. Bxh5 gxh5 16. Qxh5 1-0

[Event "IECC CL6-1999.22"]
[Site "IECC email"]
[Date "1999.09.16"]
[Round "?"]
[White "Huang, Peter"]
[Black "Jasinski, Jim"]
[Result "1/2-1/2"]
[WhiteElo "1338"]
[BlackElo "1259"]
[PlyCount "48"]
[EventDate "1999.??.??"]
[EventType "tourn (corr)"]
[EventRounds "4"]
[SourceTitle "Corr 2008"]
[Source "ChessBase"]
[SourceDate "2008.06.24"]
[SourceVersion "1"]
[SourceVersionDate "2008.06.24"]
[SourceQuality "1"]

1. e4 d5 2. exd5 Qxd5 3. Nc3 Qa5 4. Nf3 Bg4 5. h3 Bh5 6. g4 Bg6 7. Bg2 c6 8. d4 e6 9. 0-0 Nd7 10. Nh4 Be7 11. Nxg6 hxg6 12. Re1 Ngf6 13. Qf3 Qb4 14. Qe3 Nb6 15. a3 Qd6 16. Ne4 Nxe4 17. Qxe4 Rd8 18. c3 a6 19. Bf4 Qd7 20. Re2 Bd6 21. Bxd6 Qxd6 22. Rae1 Nd5 23. Qf3 Nf4 24. Re5 Nxg2 1/2-1/2

[Event "IECC M email"]
[Site "IECC email"]
[Date "1999.08.09"]
[Round "?"]
[White "Huang, Peter"]
[Black "Mottershead, Richard"]
[Result "1-0"]
[WhiteElo "1309"]
[BlackElo "1164"]
[PlyCount "63"]
[EventDate "1999.??.??"]
[EventType "tourn (corr)"]
[EventRounds "6"]
[SourceTitle "Corr 2008"]
[Source "ChessBase"]
[SourceDate "2008.06.24"]
[SourceVersion "1"]
[SourceVersionDate "2008.06.24"]
[SourceQuality "1"]

1. e4 e5 2. f4 exf4 3. Nf3 d5 4. exd5 Nf6 5. c4 c6 6. d4 Bb4+ 7. Nc3 cxd5 8. Bxf4 0-0 9. Be2 Bf5 10. 0-0 Nc6 11. Ne5 Bxc3 12. bxc3 Ne4 13. Nxc6 bxc6 14. Rc1 Re8 15. cxd5 cxd5 16. Bg4 Bxg4 17. Qxg4 Re6 18. Qf5 Rg6 19. c4 Rf6 20. Qe5 Qd6 21. cxd5 Rd8 22. Qxe4 Qf8 23. d6 Re6 24. Qb7 a5 25. Qb5 Rexd6 26. Bxd6 Rxd6 27. Rc7 f6 28. Qxa5 Rxd4 29. a4 Qd8 30. Qa7 Rg4 31. a5 Qf8 32. Rfc1 1-0

[Event "IECC Trio 776 email"]
[Site "IECC email"]
[Date "1999.08.07"]
[Round "?"]
[White "Cook, Dave"]
[Black "Huang, Peter"]
[Result "1-0"]
[WhiteElo "1266"]
[BlackElo "1329"]
[PlyCount "77"]
[EventDate "1999.??.??"]
[EventType "tourn (corr)"]
[EventRounds "4"]
[SourceTitle "Corr 2008"]
[Source "ChessBase"]
[SourceDate "2008.06.24"]
[SourceVersion "1"]
[SourceVersionDate "2008.06.24"]
[SourceQuality "1"]

1. e4 e6 2. Nf3 d5 3. exd5 exd5 4. d4 Nf6 5. Bd3 Bd6 6. 0-0 0-0 7. Re1 c5 8. dxc5 Bxc5 9. Be3 Bxe3 10. Rxe3 Nc6 11. c3 Bg4 12. Nbd2 d4 13. cxd4 Nxd4 14. Rc1 Rc8 15. h3 Nxf3+ 16. Nxf3 Bxf3 17. Rxf3 Rxc1 18. Qxc1 a6 19. Re3 Re8 20. Rxe8+ Qxe8 21. f3 g6 22. Qf4 Kg7 23. Qd4 b5 24. Be4 Qe6 25. b3 h6 26. Kf2 a5 27. Ke3 a4 28. bxa4 Qxa2 29. axb5 Qxg2 30. b6 Qxh3 31. Qe5 Qf1 32. b7 Qe1+ 33. Kd3 Qd1+ 34. Kc4 Qa4+ 35. Kc5 Qa5+ 36. Kd6 Qb6+ 37. Ke7 Qb4+ 38. Kd8 Qb6+ 39. Kc8 1-0

[Event "IECC Trio 776 email"]
[Site "IECC email"]
[Date "1999.08.07"]
[Round "?"]
[White "Huang, Peter"]
[Black "Cook, Dave"]
[Result "0-1"]
[WhiteElo "1313"]
[BlackElo "1284"]
[PlyCount "98"]
[EventDate "1999.??.??"]
[EventType "tourn (corr)"]
[EventRounds "4"]
[SourceTitle "Corr 2008"]
[Source "ChessBase"]
[SourceDate "2008.06.24"]
[SourceVersion "1"]
[SourceVersionDate "2008.06.24"]
[SourceQuality "1"]

1. e4 d6 2. d4 Nf6 3. Nc3 g6 4. f4 Bg7 5. Nf3 0-0 6. Bd3 Nc6 7. e5 dxe5 8. dxe5 Nd5 9. Nxd5 Qxd5 10. 0-0 Qc5+ 11. Kh1 Nb4 12. Be4 Be6 13. b3 Rfd8 14. Qe2 Bd5 15. Ba3 Bxe4 16. Qxe4 a5 17. Qxb7 Rdb8 18. Qe4 Qxc2 19. Qe1 c5 20. Qh4 Nd3 21. Ne1 Nxe1 22. Qxe1 a4 23. Rf2 Qd3 24. Rd1 Qb5 25. bxa4 Rxa4 26. Rb2 Qe8 27. Rxb8 Qxb8 28. Bxc5 Rxa2 29. Bxe7 Qb7 30. Rd8+ Bf8 31. Rxf8+ Kg7 32. Qf1 Qxe7 33. Rc8 Qd7 34. Rc4 Qd3 35. Rc1 Qd4 36. e6 fxe6 37. Rc7+ Kf6 38. h3 Rf2 39. Qc1 Qxf4 40. Qxf4+ Rxf4 41. Rxh7 e5 42. Rh8 Re4 43. Rb8 Kf5 44. Rf8+ Kg5 45. g3 Re2 46. Kg1 Rd2 47. Kf1 Rh2 48. Rh8 Kf5 49. Kg1 Re2 0-1

[Event "IECC Trio 742 email"]
[Site "IECC email"]
[Date "1999.05.09"]
[Round "?"]
[White "Arnold, Lee"]
[Black "Huang, Peter"]
[Result "1-0"]
[WhiteElo "1420"]
[BlackElo "1271"]
[PlyCount "65"]
[EventDate "1999.??.??"]
[EventType "tourn (corr)"]
[EventRounds "4"]
[SourceTitle "Corr 2008"]
[Source "ChessBase"]
[SourceDate "2008.06.24"]
[SourceVersion "1"]
[SourceVersionDate "2008.06.24"]
[SourceQuality "1"]

1. e4 c6 2. d4 d5 3. Nc3 dxe4 4. Nxe4 Bf5 5. Ng3 Bg6 6. Bc4 Nf6 7. Nh3 e6 8. 0-0 h6 9. c3 Nbd7 10. Nf4 Bh7 11. Nfh5 Nxh5 12. Nxh5 g6 13. Nf4 Bd6 14. Re1 0-0 15. Bb3 Re8 16. Qg4 b5 17. Ne2 g5 18. f4 Be7 19. Qh5 Kg7 20. fxg5 hxg5 21. Be3 Rh8 22. Qf3 c5 23. dxc5 Nxc5 24. Bd4+ f6 25. Ng3 Nxb3 26. axb3 e5 27. Rxe5 fxe5 28. Bxe5+ Kg8 29. Qc6 Bd3 30. Qe6+ Kf8 31. Bxh8 Bc5+ 32. Kh1 Qe7 33. Qh6+ 1-0

[Event "IECC Swiss email"]
[Site "IECC email"]
[Date "1999.04.11"]
[Round "?"]
[White "Robinson, Brian"]
[Black "Huang, Peter"]
[Result "1/2-1/2"]
[WhiteElo "1496"]
[BlackElo "1255"]
[PlyCount "80"]
[EventDate "1999.??.??"]
[EventType "tourn (corr)"]
[EventRounds "6"]
[SourceTitle "Corr 2008"]
[Source "ChessBase"]
[SourceDate "2008.06.24"]
[SourceVersion "1"]
[SourceVersionDate "2008.06.24"]
[SourceQuality "1"]

1. d4 d5 2. Nf3 Nc6 3. Bf4 e6 4. e3 Nf6 5. Bd3 Nb4 6. 0-0 Nxd3 7. cxd3 Bd6 8. Bxd6 Qxd6 9. Nc3 0-0 10. e4 Qe7 11. e5 Nd7 12. Rc1 b6 13. Nb5 c5 14. dxc5 Nxc5 15. d4 Ba6 16. a4 Bxb5 17. axb5 Ne4 18. Rc6 f6 19. Qc2 fxe5 20. dxe5 Qf7 21. Rc7 Qe8 22. Rc1 Qxb5 23. Qc6 Qxc6 24. R1xc6 Rf7 25. Nd4 Rxc7 26. Rxc7 Nc5 27. f4 g6 28. g3 Nd3 29. b3 Nc5 30. Kg2 a5 31. Kf3 a4 32. bxa4 Rxa4 33. Nc6 Ra3+ 34. Kg4 Kh8 35. Kg5 Ra2 36. h4 Ra3 37. Kh6 Kg8 38. Rxh7 Rxg3 39. Rg7+ Kf8 40. Rxg6 Rh3 1/2-1/2

[Event "IECC CL7-1999.18"]
[Site "IECC email"]
[Date "1999.03.28"]
[Round "?"]
[White "Huang, Peter"]
[Black "Cieslak, Brian"]
[Result "1-0"]
[WhiteElo "1177"]
[BlackElo "1131"]
[PlyCount "35"]
[EventDate "1999.??.??"]
[EventType "tourn (corr)"]
[EventRounds "4"]
[SourceTitle "Corr 2008"]
[Source "ChessBase"]
[SourceDate "2008.06.24"]
[SourceVersion "1"]
[SourceVersionDate "2008.06.24"]
[SourceQuality "1"]

1. e4 c5 2. Nf3 Nc6 3. Nc3 d6 4. Bc4 Be6 5. Bxe6 Nd4 6. Nxd4 cxd4 7. Qh5 g6 8. Qb5+ Qd7 9. Bxd7+ Kd8 10. Qxb7 Bg7 11. Qxa8+ Kxd7 12. Qxa7+ Ke6 13. Ne2 g5 14. Nxd4+ Kf6 15. Nf5 Bh6 16. Qd4+ Kg6 17. Qxh8 Nf6 18. Nxe7+ 1-0

[Event "IECC CL7-1999.16"]
[Site "IECC email"]
[Date "1999.03.08"]
[Round "?"]
[White "Taylor, Michael W"]
[Black "Huang, Peter"]
[Result "0-1"]
[WhiteElo "1000"]
[BlackElo "1075"]
[PlyCount "46"]
[EventDate "1999.??.??"]
[EventType "tourn (corr)"]
[EventRounds "4"]
[SourceTitle "Corr 2008"]
[Source "ChessBase"]
[SourceDate "2008.06.24"]
[SourceVersion "1"]
[SourceVersionDate "2008.06.24"]
[SourceQuality "1"]

1. e4 e5 2. d4 exd4 3. Nf3 Bb4+ 4. Bd2 Qe7 5. Bxb4 Qxb4+ 6. Nbd2 Qxb2 7. Bc4 Nc6 8. 0-0 Qa3 9. Ng5 Ne5 10. Ndf3 Nxc4 11. Qxd4 Qa6 12. Qxg7 Qf6 13. Qxf6 Nxf6 14. Rab1 h6 15. Nh3 Nxe4 16. Rbe1 d5 17. Re2 Bxh3 18. gxh3 0-0-0 19. Rfe1 Rhg8+ 20. Kf1 Rd6 21. h4 Rf6 22. Nd4 Ne3+ 23. Rxe3 Rxf2# 0-1

[Event "IECC Quad email"]
[Site "IECC email"]
[Date "1999.01.23"]
[Round "?"]
[White "Huang, Peter"]
[Black "Ellis, Roscoe"]
[Result "1-0"]
[WhiteElo "1107"]
[BlackElo "1109"]
[PlyCount "65"]
[EventDate "1999.??.??"]
[EventType "tourn (corr)"]
[EventRounds "6"]
[SourceTitle "Corr 2008"]
[Source "ChessBase"]
[SourceDate "2008.06.24"]
[SourceVersion "1"]
[SourceVersionDate "2008.06.24"]
[SourceQuality "1"]

1. e4 e5 2. Nf3 Nf6 3. d4 d6 4. d5 Nxe4 5. Bd3 Nc5 6. Nc3 Nxd3+ 7. Qxd3 g6 8. 0-0 Bg7 9. Ne4 0-0 10. c4 Bf5 11. Bg5 Qc8 12. Qe3 Na6 13. Bf6 Bxf6 14. Nxf6+ Kg7 15. Nxe5 Kxf6 16. Nf3 Re8 17. Qg5+ Kg7 18. h3 Nc5 19. Nd4 Ne4 20. Qe3 c5 21. Nf3 b5 22. b3 bxc4 23. bxc4 Ng3 24. Qc3+ Kg8 25. fxg3 Re4 26. Ng5 Re2 27. Qf6 Qc7 28. Rae1 Rae8 29. Ne6 Bxe6 30. Rxe2 Bd7 31. Qxf7+ Kh8 32. Rxe8+ Bxe8 33. Qxc7 1-0

[Event "IECC M email"]
[Site "IECC email"]
[Date "1998.12.05"]
[Round "?"]
[White "Rosko, David"]
[Black "Huang, Peter"]
[Result "0-1"]
[WhiteElo "1000"]
[BlackElo "1060"]
[PlyCount "146"]
[EventDate "1998.??.??"]
[EventType "tourn (corr)"]
[EventRounds "12"]
[SourceTitle "Corr 2008"]
[Source "ChessBase"]
[SourceDate "2008.06.24"]
[SourceVersion "1"]
[SourceVersionDate "2008.06.24"]
[SourceQuality "1"]

1. e4 e5 2. Nf3 Nc6 3. Bb5 Nge7 4. d3 d5 5. Bg5 f6 6. Bd2 a6 7. Bxc6+ Nxc6 8. 0-0 d4 9. c3 Bg4 10. Re1 Qd7 11. h3 Bh5 12. Nxe5 Nxe5 13. Qxh5+ g6 14. Qe2 0-0-0 15. Bf4 g5 16. Bxe5 fxe5 17. Nd2 dxc3 18. bxc3 Qxd3 19. Qg4+ Qd7 20. Nc4 Qxg4 21. hxg4 Bg7 22. Na5 Rd2 23. Reb1 b6 24. Nc6 h5 25. gxh5 Rxh5 26. Ne7+ Kb7 27. Nf5 Bf8 28. Rd1 Rb2 29. g4 Rh3 30. Ne3 Bc5 31. Rd5 Bxe3 32. fxe3 Rxe3 33. Rxe5 Rb5 34. Kf2 Rxc3 35. Rxb5 axb5 36. Re1 Kc8 37. e5 Kd8 38. e6 Ke7 39. Re5 Rc5 40. Re2 Rc4 41. Kf3 b4 42. Re5 Rc5 43. Re2 Rc6 44. Re5 Rxe6 45. Rxg5 Kf6 46. Rb5 c5 47. a4 bxa3 48. Rb3 Ke7 49. Rxa3 Kd6 50. g5 c4 51. Kf4 b5 52. Ra6+ Ke7 53. Ra5 b4 54. Ra4 Rb6 55. g6 Kf6 56. Ke4 Kxg6 57. Ra1 Kf6 58. Kd4 c3 59. Kc4 Ke6 60. Kb3 Kd5 61. Ra5+ Kd4 62. Ra1 Kd3 63. Rd1+ Ke2 64. Rd4 Rc6 65. Kc2 b3+ 66. Kc1 c2 67. Rb4 Rc3 68. Rb5 Rd3 69. Re5+ Kf3 70. Rf5+ Ke4 71. Rf1 Rd1+ 72. Rxd1 cxd1Q+ 73. Kxd1 Kd3 0-1